Obaly zabalené do zákona

Zákon o obaloch, ktorý slovenský parlament nedávno novelizoval, je pre mnohých "nečitateľný". Ochranári hovoria, že predpis je ústupkom obalovej loby, podnikatelia tvrdia, že im zvyšuje náklady, krivdu cítia aj obchodníci. Zmeny sa dotýkajú povinných osôb - výrobcov, dovozcov, baličov, plničov - kto...

Ausführliche Beschreibung

Gespeichert in:
Bibliographische Detailangaben
1. Verfasser: Žitňanský, Eduard
Format: Buchkapitel
Sprache:Slowakisch
Schlagworte:
Tags: Tag hinzufügen
Keine Tags, Fügen Sie das erste Tag hinzu!

MARC

LEADER 00000naa$a2200000$$$4500
001 0112776
005 20231009103047.9
041 0 |a slo 
044 |a SK 
245 1 0 |a Obaly zabalené do zákona  |c Eduard Žitňanský 
520 |a Zákon o obaloch, ktorý slovenský parlament nedávno novelizoval, je pre mnohých "nečitateľný". Ochranári hovoria, že predpis je ústupkom obalovej loby, podnikatelia tvrdia, že im zvyšuje náklady, krivdu cítia aj obchodníci. Zmeny sa dotýkajú povinných osôb - výrobcov, dovozcov, baličov, plničov - ktorí pužívajú obaly na balenie a uvádzajú tovar na trh, ale sa vyhýbajú povinnosti zberu a recyklácie odpadov z obalov, teda platiť poplatky do určených fondov. Zákon o obaloch prenáša plnenie povinnosti zberu a recyklácie odpadov z obalov z povinných osôb na obchodníkov. 
610 2 0 |a obaly 
610 2 0 |a balenie 
610 2 0 |a odpad 
610 2 0 |a recyklácia odpadu 
610 2 0 |a legislatíva 
610 2 0 |a novelizácia 
610 2 0 |a výrobcovia 
610 2 0 |a obchodníci 
100 1 |a Žitňanský, Eduard